Monitor hospodárskej politiky

Enregistré dans:
Détails bibliographiques
Format: Publication en série
Langue:slovaque
Publié: Bratislava Ekonomická univerzita v Bratislave 2020
Tags: Ajouter un tag
Pas de tags, Soyez le premier à ajouter un tag!

MARC

LEADER 00000nas2a2200000 4500
001 0271993
005 20210204101059.2
022 |a 2453-9287 
041 0 |a slo 
044 |a SK 
245 1 0 |a Monitor hospodárskej politiky 
264 1 |a Bratislava  |b Ekonomická univerzita v Bratislave  |c 2020 
773 0 |w eu_un_cat*0223562